[Event "AUTO-ADV-1128"]
[Site "http://www.queenalice.com/game.php?id=500522"]
[Date "2008.11.30"]
[Round "1"]
[White "razoman"]
[Black "erojas1"]
[Result "1-0"]
[WhiteElo "1839"]
[BlackElo "1790"]

1. e4 e5 2. Nf3 d6 3. Bc4 h6 4. h3 a6 5. Nc3 Nc6 6. O-O f5 7. d4 exd4 8. Nxd4
Nge7 9. exf5 Nxd4 10. Qxd4 Bxf5 11. Bb3 Nc6 12. Qd5 Qd7 13. Re1+ Kd8 14. a3 Bg6
15. Bf4 Be7 16. Rad1 Rf8 17. Bg3 Bf7 18. Qe4 Bxb3 19. cxb3 Bf6 20. Nd5 Re8 21.
Qxe8+ 1-0

[Event "AUTO-ADV-1128"]
[Site "http://www.queenalice.com/game.php?id=500523"]
[Date "2008.11.30"]
[Round "1"]
[White "erojas1"]
[Black "razoman"]
[Result "0-1"]
[WhiteElo "1694"]
[BlackElo "1868"]

1. e4 c5 2. Bc4 e6 3. Nc3 a6 4. Nf3 b5 5. Be2 Bb7 6. e5 Nc6 7. O-O d5 8. d4 cxd4
9. Nb1 Bc5 10. a3 Nge7 11. Bg5 h6 12. Bh4 Qc7 13. Nbd2 Nf5 14. Nb3 Bb6 15. Bd3
Nxh4 16. Nxh4 Nxe5 17. Rc1 O-O 18. Be2 Qe7 19. Nf3 Nxf3+ 20. Bxf3 e5 21. Re1 e4
22. Nxd4 Qc5 23. c3 exf3 24. Qxf3 Rae8 25. Qf4 Bc7 26. Qg4 Bc8 27. Qf3 Qd6 28.
Qh5 Bg4 29. Qh4 g5 30. Qg3 Rxe1+ 31. Rxe1 Qxg3 32. hxg3 Bb6 33. Nc6 Be6 34. Ne7+
Kg7 35. Nc6 Re8 36. Nb4 a5 37. Nd3 Kf6 38. Kf1 Rc8 39. f4 d4 40. cxd4 Bxd4 41.
fxg5+ hxg5 0-1

[Event "AUTO-ADV-1128"]
[Site "http://www.queenalice.com/game.php?id=500538"]
[Date "2008.11.30"]
[Round "1"]
[White "erojas1"]
[Black "asaph"]
[Result "0-1"]
[WhiteElo "1685"]
[BlackElo "1749"]

1. d4 Nf6 2. Nc3 d5 3. h3 h5 4. Nf3 Nc6 5. Bg5 Bf5 6. e3 e6 7. Ne5 Nb4 8. Bd3
Nxd3+ 9. Nxd3 Be7 10. O-O Ne4 11. Bxe7 Qxe7 12. f3 Ng3 13. Rf2 c6 14. Nc5 e5 15.
e4 b6 16. Nd3 exd4 17. Ne2 dxe4 18. Nxg3 exd3 19. Nxf5 Qf6 20. Qxd3 O-O 21. Re1
c5 22. Ne7+ Kh8 23. Qf5 Qxf5 24. Nxf5 Rad8 25. Rd2 Rd5 26. Ng3 Rfd8 27. Re7 d3
28. Rxf7 Re8 29. Kf2 Re2+ 30. Rxe2 d2 0-1

[Event "AUTO-ADV-1128"]
[Site "http://www.queenalice.com/game.php?id=500539"]
[Date "2008.11.30"]
[Round "1"]
[White "asaph"]
[Black "erojas1"]
[Result "1-0"]
[WhiteElo "1734"]
[BlackElo "1700"]

1. e4 e5 2. Qh5 Nc6 3. Nc3 Nf6 4. Qe2 a6 5. a3 Be7 6. g3 d5 7. Bg2 d4 8. Nd5 O-O
9. c3 Be6 10. f4 Nxd5 11. f5 Bd7 12. exd5 Nb8 13. Qxe5 Bf6 14. Qf4 dxc3 15. dxc3
Re8+ 16. Ne2 Bb5 17. Bf3 Bxe2 18. Bxe2 Qxd5 19. Rf1 Qd3 20. Qf3 Qd6 21. Bf4 Qb6
22. O-O-O Nc6 23. Rd7 Be5 24. Qg4 Bf6 25. Bh6 Ne5 26. Qa4 Nxd7 27. Qxd7 gxh6 28.
Bh5 Qe3+ 29. Qd2 Qxd2+ 30. Kxd2 1-0

[Event "AUTO-ADV-1128"]
[Site "http://www.queenalice.com/game.php?id=500540"]
[Date "2008.11.30"]
[Round "1"]
[White "erojas1"]
[Black "gardez2005"]
[Result "0-1"]
[WhiteElo "1749"]
[BlackElo "2012"]

1. d4 Nf6 2. Bg5 Ne4 3. Bf4 d5 4. f3 Nf6 5. Nc3 g6 6. e4 dxe4 7. fxe4 Bg7 8. Nf3
O-O 9. e5 Nd5 10. Nxd5 Qxd5 11. Qd2 Nc6 12. Bh6 Qe4+ 13. Be3 Bh6 14. Kf2 Bxe3+
15. Qxe3 Qxc2+ 16. Qe2 Qxe2+ 17. Bxe2 Bf5 18. a3 Rfd8 19. Rhd1 a6 20. Rac1 Be4
21. Ng5 Bd5 22. Bf3 h6 23. Bxd5 Rxd5 24. Nf3 Rad8 25. Ke3 e6 26. Rc2 R8d7 27. g4
Ne7 28. Rdc1 c6 29. h4 Kg7 30. Rc4 Rb5 31. R1c2 Nd5+ 32. Ke4 Nb6 33. Rb4 Rdd5
34. Nd2 f6 35. exf6+ Kxf6 36. Nf3 Rxb4 37. axb4 Rb5 38. Ne5 Nd5 39. Rf2+ Kg7 40.
Rf7+ Kg8 41. Rf2 g5 42. hxg5 hxg5 43. Nf7 Rxb4 44. Nxg5 Nb6 45. Nxe6 Na4 46. Nc5
Nxc5+ 0-1

[Event "AUTO-ADV-1128"]
[Site "http://www.queenalice.com/game.php?id=500541"]
[Date "2008.11.30"]
[Round "1"]
[White "gardez2005"]
[Black "erojas1"]
[Result "1/2-1/2"]
[WhiteElo "2019"]
[BlackElo "1743"]

1. e4 e5 2. Nf3 d6 3. d4 exd4 4. Nxd4 Nf6 5. Nc3 h6 6. Bc4 Be7 7. O-O Nc6 8. Nf3
O-O 9. Re1 Ne5 10. Be2 a6 11. b3 c6 12. Bb2 Be6 13. Rc1 Qc7 14. Nxe5 dxe5 15.
Bf3 Bb4 16. a3 Bc5 17. b4 Bd4 18. Na4 Bxb2 19. Nxb2 Rad8 20. Qe2 a5 21. h3 axb4
22. axb4 Qb6 23. c3 Rd7 24. Na4 Qd8 25. Nc5 Re7 26. Red1 Qc8 27. Nxe6 Qxe6 28.
c4 Rd7 29. Rxd7 Qxd7 30. Rd1 Qe7 31. Qd2 Qe6 32. c5 Qc4 33. Rc1 Qe6 34. Qd3 Qe7
35. Rd1 Ra8 36. Be2 Qe6 37. Rb1 Qe7 38. f3 Rd8 39. Qc3 Nh5 40. Bc4 Nf4 41. Kh2
h5 42. g3 Ne6 43. Bxe6 Qxe6 44. Qc2 Ra8 45. Rb2 Ra3 46. Kg2 Qf6 47. Rb3 Rxb3 48.
Qxb3 Qe7 1/2-1/2

[Event "AUTO-OPEN-1352"]
[Site "http://www.queenalice.com/game.php?id=500741"]
[Date "2008.12.1"]
[Round "1"]
[White "JimMorrisson"]
[Black "erojas1"]
[Result "1-0"]
[WhiteElo "2197"]
[BlackElo "1720"]

1. e4 e5 2. Nf3 d6 3. d4 exd4 4. Nxd4 Nf6 5. Nc3 a6 6. Be2 Bd7 7. O-O Nc6 8. b3
Be6 9. Bb2 Be7 10. f4 Bc8 11. Kh1 O-O 12. Bf3 Bd7 13. Qd2 Bg4 14. Rae1 Re8 15.
Nd5 Be6 16. c4 Nd7 17. Nxe7+ Nxe7 18. f5 Nc6 19. fxe6 fxe6 20. Bg4 Nxd4 21. Bxd4
e5 22. Be3 h6 23. Qd5+ Kh8 24. Qf7 Qe7 25. Bxd7 1-0

[Event "AUTO-OPEN-1352"]
[Site "http://www.queenalice.com/game.php?id=500742"]
[Date "2008.12.1"]
[Round "1"]
[White "erojas1"]
[Black "JimMorrisson"]
[Result "0-1"]
[WhiteElo "1742"]
[BlackElo "2219"]

1. e4 c5 2. d4 cxd4 3. Qxd4 Nc6 4. Qd1 Nf6 5. Nc3 d6 6. Nf3 e6 7. h3 Be7 8. Bd3
O-O 9. O-O a6 10. Re1 Qc7 11. Be3 b5 12. a3 Bb7 13. Bf4 Nd7 14. b4 Nce5 15. Bd2
Rac8 16. Qe2 Rfd8 17. Rac1 Bf6 18. Nd1 Nb6 19. Ne3 Nec4 20. Ng4 Bb2 21. Rb1 Na4
22. Ne3 Nxa3 23. Rxb2 Nxb2 24. Bc1 Nac4 25. Nxc4 Nxc4 26. Ng5 Ne5 27. Qh5 h6 28.
Nf3 Nxf3+ 29. Qxf3 f5 30. Qe3 fxe4 31. Bxe4 Bxe4 32. Qxe4 e5 33. Qg4 Qc4 34. Qg6
Qxc2 35. Qg4 Kh7 36. Qe6 Qg6 37. Qd5 Rc4 38. Qb7 d5 39. Qe7 Re8 40. Qd7 d4 41.
Qd5 e4 42. Bb2 e3 43. fxe3 dxe3 44. Qd1 Rc2 45. Ba1 Qxg2# 0-1

[Event "AUTO-OPEN-1352"]
[Site "http://www.queenalice.com/game.php?id=500769"]
[Date "2008.12.1"]
[Round "1"]
[White "juim"]
[Black "erojas1"]
[Result "0-1"]
[WhiteElo "1703"]
[BlackElo "1720"]

1. e4 e5 2. d4 exd4 3. Qxd4 Nc6 4. Qd1 Nf6 5. Bg5 h6 6. Bxf6 Qxf6 7. Bd3 Qxb2 8.
Nd2 Bc5 9. Nc4 Bb4+ 10. Kf1 Qf6 11. Nf3 Bc5 12. h4 Nd4 13. Rh3 d5 14. e5 Qe7 15.
Ne3 Bxh3 16. Nxd4 Bxd4 17. gxh3 Bxa1 18. Qxa1 c6 19. Nf5 Qc7 20. Nxg7+ Kf8 21.
e6 Qh2 22. Ke2 Qxh3 23. Qf6 Qg4+ 24. f3 Qxg7 25. Qf4 Re8 26. Qd6+ Kg8 27. Kd2
Rxe6 28. Qd7 Qg2+ 29. Kc3 Qxf3 30. Qxb7 Qf6+ 31. Kb4 Qf4+ 32. Ka5 Qxh4 33. Qxa7
Qe1+ 34. Ka6 c5+ 0-1

[Event "AUTO-OPEN-1352"]
[Site "http://www.queenalice.com/game.php?id=500770"]
[Date "2008.12.1"]
[Round "1"]
[White "erojas1"]
[Black "juim"]
[Result "0-1"]
[WhiteElo "1719"]
[BlackElo "1636"]

1. d4 d5 2. Nf3 e6 3. a3 Bd6 4. e3 Nf6 5. c4 Ne4 6. Nc3 Nxc3 7. bxc3 O-O 8. Be2
b6 9. O-O dxc4 10. Bxc4 Nc6 11. Re1 Bb7 12. Bd3 Na5 13. Bd2 Bd5 14. Rc1 Bxa3 15.
Rb1 Ba2 16. Ra1 Qd5 17. Qa4 c5 18. Qxa3 Bc4 19. e4 Qh5 20. Bxc4 Nxc4 21. Qc1
Nxd2 22. Qxd2 c4 23. Qa2 Rfc8 24. Qe2 b5 25. Ne5 Qg5 26. Qf3 f6 27. Ng4 h5 28.
Ne3 g6 29. Ra2 Kg7 30. Rb2 Rab8 31. Reb1 Rc7 32. Rxb5 Rxb5 33. Ra1 Rb3 34. Rc1
a5 35. Qe2 Rcb7 36. h3 a4 37. Rc2 Qa5 38. Qxc4 Rb1+ 39. Kh2 a3 40. Qxe6 Qc7+ 41.
e5 fxe5 42. dxe5 R7b6 43. Qe8 Rb8 44. Qe6 R1b5 45. g3 Rxe5 46. Qa2 Ra5 47. Qa1
Rb3 48. Qa2 Rxc3 49. Qa1 Kh7 50. Rxc3 Qf7 51. Kg1 a2 52. Nc4 Ra4 53. Rc2 Qa7 54.
Ne5 Qb8 55. Nf3 Qb1+ 56. Rc1 Qb7 57. Ng5+ Kh6 58. Ne6 Qd7 59. Nc5 Qd4 60. Nxa4
Qxa4 61. Qb2 Qd7 62. Kh2 h4 63. Ra1 g5 64. Rxa2 Qd5 65. Qf6+ Kh5 0-1

[Event "AUTO-OPEN-1352"]
[Site "http://www.queenalice.com/game.php?id=500789"]
[Date "2008.12.1"]
[Round "1"]
[White "erojas1"]
[Black "pgierech"]
[Result "1-0"]
[WhiteElo "1695"]
[BlackElo "1864"]

1. d4 Nf6 2. Nf3 e6 3. Nc3 d5 4. Bg5 Be7 5. e3 O-O 6. h3 Nbd7 7. Be2 h6 8. Bf4
c5 9. O-O b6 10. a3 Bb7 11. Ne5 Nxe5 12. Bxe5 Rc8 13. Nb5 a6 14. Nc3 c4 15. a4
Bc6 16. Bf3 Qd7 17. b3 b5 18. axb5 axb5 19. Qd2 1-0

[Event "AUTO-OPEN-1352"]
[Site "http://www.queenalice.com/game.php?id=500790"]
[Date "2008.12.1"]
[Round "1"]
[White "pgierech"]
[Black "erojas1"]
[Result "0-1"]
[WhiteElo "1864"]
[BlackElo "1723"]

1. c4 e5 2. Nc3 Bc5 3. Nf3 Nc6 4. d3 Nf6 5. Bg5 h6 6. Bh4 O-O 7. e3 Re8 8. Be2
Be7 9. O-O a6 10. a3 d5 11. cxd5 Nxd5 12. Bxe7 Ndxe7 13. Rc1 Be6 14. b4 Ng6 15.
Qd2 Qe7 16. Ne4 Rad8 17. Nc5 Rb8 18. Nxe6 Qxe6 0-1

[Event "AUTO-OPEN-1354"]
[Site "http://www.queenalice.com/game.php?id=501938"]
[Date "2008.12.3"]
[Round "1"]
[White "brido83"]
[Black "erojas1"]
[Result "0-1"]
[WhiteElo "1665"]
[BlackElo "1701"]

1. e4 e5 2. Nf3 d6 3. d4 Bg4 4. dxe5 Bxf3 5. Qxf3 dxe5 6. Nc3 Nf6 7. Bc4 Nc6 8.
Bg5 Be7 9. Rd1 Qc8 10. O-O O-O 11. Rfe1 h6 12. Bh4 Nd4 13. Qd3 Qg4 14. Bg3 Bd6
15. h3 Qg5 16. Ne2 Nxe2+ 17. Rxe2 Nh5 18. Bh2 Rad8 19. Qb3 b6 20. Re3 Nf4 21.
Rg3 Qe7 22. Qf3 Bc5 23. Rxd8 Qxd8 24. Qc3 Qd1+ 25. Bf1 Ne2+ 0-1

[Event "AUTO-OPEN-1354"]
[Site "http://www.queenalice.com/game.php?id=501939"]
[Date "2008.12.3"]
[Round "1"]
[White "erojas1"]
[Black "brido83"]
[Result "0-1"]
[WhiteElo "1761"]
[BlackElo "1619"]

1. d4 Nf6 2. Nc3 g6 3. e4 d6 4. Nf3 Bg7 5. Bf4 O-O 6. Bd3 Re8 7. h3 Nbd7 8. O-O
c5 9. d5 Nh5 10. Bd2 e5 11. Nb5 Nb6 12. Qc1 a6 13. Nc3 Bd7 14. Be2 Nc4 15. Bxc4
b5 16. Be2 Nf6 17. Bg5 Qc7 18. b3 b4 19. Nd1 Nxe4 20. Bc4 f5 21. Bd2 Nf6 22. Bh6
Bh8 23. Qg5 Ne4 24. Qh4 Bf6 25. Bg5 Nxg5 26. Nxg5 Bxg5 27. Qxg5 f4 28. Re1 Rf8
29. f3 Rf5 30. Qh4 Rh5 31. Qf2 Qd8 32. c3 a5 33. cxb4 axb4 34. Qe2 Qg5 35. Nf2
Qg3 36. Ng4 Bxg4 37. fxg4 Rxh3 38. Qf2 Qh2+ 39. Kf1 Rg3 40. Qg1 Qh4 41. Ke2 f3+
42. Kd1 Qxg4 43. Kc1 Qf4+ 44. Qe3 fxg2 45. Qxf4 exf4 46. Kd2 f3 47. Ke3 Rf8 48.
Kf2 Rg5 49. Re3 Rgf5 50. Rd1 h5 51. Rdd3 h4 52. Re6 h3 53. Rxg6+ Kh7 54. Rg3 Rh5
55. Rdxf3 Rxf3+ 56. Kxf3 h2 57. Bd3+ Kh8 0-1

[Event "AUTO-OPEN-1354"]
[Site "http://www.queenalice.com/game.php?id=501962"]
[Date "2008.12.3"]
[Round "1"]
[White "cleverton01031990"]
[Black "erojas1"]
[Result "1-0"]
[WhiteElo "1856"]
[BlackElo "1736"]

1. e4 e5 2. Nf3 d6 3. d4 exd4 4. Nxd4 Nf6 5. Bd3 Bg4 6. f3 Be6 7. c4 Be7 8. Nc3
Nc6 9. Nde2 Ne5 10. b3 c6 11. Bc2 Qb6 12. Na4 Qc7 13. Be3 O-O-O 14. Bxa7 Qa5+
15. Nac3 Qxa7 16. a3 d5 17. cxd5 cxd5 18. exd5 Bxd5 19. Qc1 Bc6 20. b4 Rhe8 21.
b5 Bd7 22. a4 Kb8 23. a5 Bb4 24. b6 Qa6 25. O-O Rc8 26. Qb2 Bxc3 27. Nxc3 Nc4
28. Qb4 Ne3 29. Rfc1 Nxc2 30. Rxc2 Be6 31. Rd2 Qc4 32. Qd6+ Ka8 33. Ne2 Qc5+ 34.
Qd4 Qxd4+ 35. Nxd4 Rcd8 36. h3 Kb8 37. a6 Bd5 38. Nb5 Bc6 39. a7+ 1-0

[Event "AUTO-OPEN-1354"]
[Site "http://www.queenalice.com/game.php?id=501963"]
[Date "2008.12.3"]
[Round "1"]
[White "erojas1"]
[Black "cleverton01031990"]
[Result "1-0"]
[WhiteElo "1681"]
[BlackElo "1533"]

1. d4 d5 2. Nc3 e6 3. a3 c5 4. Nf3 Nf6 5. Bg5 b6 6. e3 Be7 7. Be2 Bb7 8. Bb5+
Nbd7 9. O-O O-O 10. Ne2 a6 11. Ba4 c4 12. c3 b5 13. Bc2 h6 14. Bf4 a5 15. Ne5
Nxe5 16. Bxe5 Nd7 17. Bg3 Qb6 18. Bb1 b4 19. Qd2 Nf6 20. f3 bxc3 21. Nxc3 Bc6
22. Qc2 g6 23. Bf4 Kg7 24. Be5 Kh7 25. Qe2 Rab8 26. Ra2 Rb7 27. Bc2 Bd7 28. Qf2
Bc6 29. Bf4 Nh5 30. Bg3 Nxg3 31. Qxg3 Rfb8 32. Qf4 Bg5 33. Qe5 Qd8 34. Nd1 Be7
35. Qg3 Bd6 36. Qg4 Bd7 37. f4 Qe8 38. Qh4 Ba4 39. Bxa4 Qxa4 40. Nc3 Qc6 41. g4
Rxb2 42. Rf2 Rxf2 43. Qxf2 Rb3 44. Qc2 Qb7 45. Qc1 Qe7 46. Kg2 Bxa3 47. Qc2 Bb4
48. Ne2 Rxe3 49. f5 gxf5 50. gxf5 Qg5+ 51. Ng3 exf5 52. Kf2 1-0

[Event "AUTO-ADV-1131"]
[Site "http://www.queenalice.com/game.php?id=502034"]
[Date "2008.12.3"]
[Round "1"]
[White "catalan"]
[Black "erojas1"]
[Result "1-0"]
[WhiteElo "1669"]
[BlackElo "1649"]

1. e4 e5 2. Nf3 Nc6 3. Bc4 h6 4. d3 Nf6 5. Be3 b6 6. Nc3 Bb4 7. Bd2 O-O 8. a3
Bxc3 9. Bxc3 Ne7 10. Nxe5 d5 11. exd5 Nfxd5 12. Bd2 Be6 13. O-O Nf6 14. f4 Qd4+
15. Kh1 Qxb2 16. Bxe6 fxe6 17. Nc4 Qd4 18. Re1 Qd5 19. Ne3 Qc6 20. Bb4 Rfe8 21.
c4 Rad8 22. Bc3 Rd7 23. Ra2 Rdd8 24. Rf2 Rd6 25. Bb4 Rd7 26. Ng4 Nxg4 27. Rfe2
Nc8 28. h3 Nf6 29. Bc3 Rde7 30. Re5 a5 31. Kh2 Nd7 32. Rh5 Qd6 33. Qf3 Rf7 34.
Bd2 Ref8 35. g3 Nc5 36. Re3 Ne7 37. Ree5 Nxd3 38. Re3 Nc5 39. Bc3 Nf5 40. Re2
Qe7 41. g4 Nd6 42. f5 Qd8 43. Rd2 Qb8 44. Rd4 exf5 45. g5 Nce4 46. gxh6 Nxc3 47.
Qxc3 Ne4 48. Rxe4 fxe4 49. Qd4 c5+ 50. Qe5 Qxe5+ 51. Rxe5 Rf2+ 52. Kg3 R8f3+ 53.
Kg4 Rf4+ 54. Kg5 gxh6+ 55. Kxh6 Rf6+ 56. Kg5 R2f3 57. h4 Kf7 58. Rxe4 1-0

[Event "AUTO-ADV-1131"]
[Site "http://www.queenalice.com/game.php?id=502035"]
[Date "2008.12.3"]
[Round "1"]
[White "erojas1"]
[Black "catalan"]
[Result "0-1"]
[WhiteElo "1747"]
[BlackElo "1704"]

1. Nf3 Nc6 2. d4 d5 3. e3 a6 4. h3 g6 5. Nc3 e6 6. Be2 Bd7 7. Ne5 Bg7 8. Nf3 Nf6
9. O-O Qe7 10. Bd3 O-O 11. Ne5 Nxe5 12. Re1 Nxd3 13. cxd3 c5 14. dxc5 Qxc5 15.
e4 Bc6 16. e5 Nd7 17. d4 Qe7 18. a4 f6 19. Bf4 f5 20. Qd2 Qh4 21. Be3 Nb6 22. b3
f4 23. g3 fxg3 24. fxg3 Qxg3+ 25. Qg2 Qxg2+ 26. Kxg2 Rf5 27. Rf1 Raf8 28. Rxf5
Rxf5 0-1

[Event "AUTO-ADV-1131"]
[Site "http://www.queenalice.com/game.php?id=502050"]
[Date "2008.12.3"]
[Round "1"]
[White "FOS2006"]
[Black "erojas1"]
[Result "1-0"]
[WhiteElo "1725"]
[BlackElo "1719"]

1. e4 e5 2. Nf3 Nc6 3. Bb5 h6 4. Bxc6 bxc6 5. Nxe5 Qe7 6. d4 c5 7. O-O Qd6 8.
Qf3 Qe6 9. c3 cxd4 10. cxd4 Bd6 11. Nd3 Be7 12. d5 Qb6 13. e5 Bb7 14. Be3 Qg6
15. Nf4 Qf5 16. Bd4 Bg5 17. g3 Ne7 18. Nc3 O-O 19. h4 Bxf4 20. gxf4 Ng6 21. h5
Ne7 22. Qg3 Qxh5 23. e6 dxe6 24. Qxg7# 1-0

[Event "AUTO-ADV-1131"]
[Site "http://www.queenalice.com/game.php?id=502051"]
[Date "2008.12.3"]
[Round "1"]
[White "erojas1"]
[Black "FOS2006"]
[Result "0-1"]
[WhiteElo "1738"]
[BlackElo "1673"]

1. e4 e5 2. Nf3 Bd6 3. c3 Nf6 4. Bd3 Nc6 5. Be2 Nxe4 6. O-O Ng5 7. Nxg5 Qxg5 8.
d4 Qe7 9. Re1 O-O 10. Bc4 Na5 11. Bb3 Nxb3 12. Qxb3 Qe6 13. Qb5 f6 14. Nd2 c6
15. Qa5 b6 16. Qa4 b5 17. Qb3 Qxb3 18. axb3 a5 19. Nf3 Re8 20. Bf4 Bb7 21. dxe5
fxe5 22. Bxe5 Bxe5 23. Rxe5 Rxe5 24. Nxe5 d6 25. Nf3 c5 26. Nh4 a4 27. bxa4 bxa4
28. Nf5 d5 29. Nd6 Bc6 30. Re1 a3 31. bxa3 Rxa3 32. Nf5 Ra7 33. Re7 Ra1+ 0-1

[Event "AUTO-ADV-1131"]
[Site "http://www.queenalice.com/game.php?id=502062"]
[Date "2008.12.3"]
[Round "1"]
[White "erojas1"]
[Black "Homer"]
[Result "0-1"]
[WhiteElo "1727"]
[BlackElo "1892"]

1. d4 d5 2. Nc3 Nf6 3. Bg5 Bf5 4. Nf3 e6 5. Ne5 Bb4 6. Bd2 Nc6 7. e3 Nxe5 8.
dxe5 Ne4 9. Nxe4 Bxd2+ 10. Nxd2 O-O 11. Bd3 Bxd3 12. cxd3 Qg5 13. O-O Qxe5 14.
Qb3 b6 15. Nf3 Qf6 16. Rac1 c5 0-1

[Event "AUTO-ADV-1131"]
[Site "http://www.queenalice.com/game.php?id=502063"]
[Date "2008.12.3"]
[Round "1"]
[White "Homer"]
[Black "erojas1"]
[Result "1-0"]
[WhiteElo "1855"]
[BlackElo "1738"]

1. d4 d5 2. Bg5 h6 3. Bh4 Nf6 4. Bxf6 gxf6 5. e3 e5 6. Nc3 Bb4 7. a3 Ba5 8. b4
Bb6 9. Nf3 e4 10. Nh4 f5 11. Qh5 Be6 12. Nxf5 Bxf5 13. Qxf5 c6 14. Qe5+ Kd7 15.
g3 f6 16. Bh3+ f5 17. Bxf5# 1-0